| 000 | 00453nam a22001577a 4500 | ||
|---|---|---|---|
| 005 | 20251108170846.0 | ||
| 008 | 250721s1984 xx 000 0 ara d | ||
| 082 | 1 | 4 | _a150/وقف |
| 100 | 1 | _aالوقفي، راضي | |
| 245 | 1 | 0 | _aمقدمة في علم النفس / |
| 264 | 1 |
_aعمان : _bدار الندوة للنشر و التوزيع، _c1984. |
|
| 300 | _a496ص : مص | ||
| 650 | 1 | 7 | _aعلم النفس |
| 942 |
_2ddc _cBK |
||
| 999 |
_c50701 _d50701 |
||